Khám phá và thử nghiệm dành cho trẻ nhỏ

Bewaard in:
Bibliografische gegevens
Hoofdauteur: Nguyễn, Thị Thanh Thủy
Formaat: Boek
Gepubliceerd in: Hà Nội Giáo dục 2004
Onderwerpen:
Tags: Voeg label toe
Geen labels, Wees de eerste die dit record labelt!
Thư viện lưu trữ: Trung tâm Học liệu Lê Vũ Hùng, Trường Đại học Đồng Tháp
LEADER 00773pam a22002418a 4500
001 00039564
005 20171026081025.0
008 170519s2004 ||||||Viesd
041 0 # |a Vie 
082 1 4 |a 372.21  |b KH104PH 
100 1 # |a Nguyễn, Thị Thanh Thủy 
245 1 0 |a Khám phá và thử nghiệm dành cho trẻ nhỏ  |c Nguyễn Thị Thanh Thủy 
260 # # |a Hà Nội  |b Giáo dục  |c 2004 
300 # # |a 39 tr.  |c 24 cm 
653 # # |a Khám phá 
653 # # |a Trẻ nhỏ 
653 # # |a Thử nghiệm 
852 # # |b Kho mượn  |j KM.0021629 
852 # # |b Kho đọc  |j KD.0020581 
852 # # |j KD.0020581  |j KM.0021629 
910 |d 19/05/2017 
980 # # |a Trung tâm Học liệu Lê Vũ Hùng, Trường Đại học Đồng Tháp